Catálogo - Centro de Recursos para el Aprendizaje y la Investigación
Volver al Sitio - CRAI Biblioteca| 000 -CABECERA | |
|---|---|
| campo de control de longitud fija | 01403nam a2200337 4500 |
| 001 - NÚMERO DE CONTROL | |
| campo de control | 114351 |
| 003 - IDENTIFICADOR DEL NÚMERO DE CONTROL | |
| campo de control | DR-UNIBE |
| 005 - FECHA Y HORA DE LA ÚLTIMA TRANSACCIÓN | |
| campo de control | 20260409062750.0 |
| 008 - DATOS DE LONGITUD FIJA--INFORMACIÓN GENERAL | |
| campo de control de longitud fija | 260129b2009 dr ||||| |||| 00| 0 spa d |
| 020 ## - NÚMERO INTERNACIONAL ESTÁNDAR DEL LIBRO | |
| Número Internacional Estándar del Libro | 9993400904 |
| 040 ## - FUENTE DE LA CATALOGACIÓN | |
| Centro catalogador/agencia de origen | BIBLIOTECA UNIBE |
| Lengua de catalogación | spa |
| Centro/agencia transcriptor | BIBLIOTECA UNIBE |
| Normas de descripción | rda |
| 041 ## - CÓDIGO DE LENGUA | |
| Código de lengua del texto/banda sonora o título independiente | spa |
| 082 ## - NÚMERO DE LA CLASIFICACIÓN DECIMAL DEWEY | |
| Número de clasificación | RD 800 M533de 2009 |
| 245 10 - MENCIÓN DE TÍTULO | |
| Título | Memorias de una tertulia homenaje a Juan Bosch |
| 250 ## - MENCIÓN DE EDICIÓN | |
| Mención de edición | Segunda edición |
| 260 ## - PUBLICACIÓN, DISTRIBUCIÓN, ETC. | |
| Lugar de publicación, distribución, etc. | Santo Domingo : |
| Nombre del editor, distribuidor, etc. | Comisión Permanente de Efemérides Patrias (CPEP), |
| Fecha de publicación, distribución, etc. | 2009 |
| 300 ## - DESCRIPCIÓN FÍSICA | |
| Extensión | 278 páginas : |
| Otras características físicas | fotos b/n ; |
| Dimensiones | 29 x 15 cm |
| 500 ## - NOTA GENERAL | |
| Nota general | Comentario de la obra en la contraportada |
| 600 #0 - PUNTO DE ACCESO ADICIONAL DE MATERIA--NOMBRE DE PERSONA | |
| Nombre de persona | |
| Subdivisión general | Memorias, conferencias, etc |
| 9 (RLIN) | 32 |
| 650 #7 - PUNTO DE ACCESO ADICIONAL DE MATERIA--TÉRMINO DE MATERIA | |
| Fuente del encabezamiento o término | lemb |
| Término de materia o nombre geográfico como elemento de entrada | Arte y literatura |
| Subdivisión general | Ensayos, conferencias, etc |
| 9 (RLIN) | 201940 |
| 700 10 - PUNTO DE ACCESO ADICIONAL--NOMBRE DE PERSONA | |
| Nombre de persona | Sención Villalona, Verónica |
| 9 (RLIN) | 49613 |
| Término indicativo de función/relación | coordinador general |
| 700 10 - PUNTO DE ACCESO ADICIONAL--NOMBRE DE PERSONA | |
| Nombre de persona | Castro Burdiez, Tomás, |
| Fechas asociadas al nombre | 1959 - |
| 9 (RLIN) | 28654 |
| Término indicativo de función/relación | coordinador ejecutivo |
| 700 10 - PUNTO DE ACCESO ADICIONAL--NOMBRE DE PERSONA | |
| Nombre de persona | García, José Enrique, |
| Fechas asociadas al nombre | 1948 - |
| 9 (RLIN) | 139214 |
| Término indicativo de función/relación | coordinador de producción |
| 700 10 - PUNTO DE ACCESO ADICIONAL--NOMBRE DE PERSONA | |
| Nombre de persona | Sención Villalona, Guillermo |
| 9 (RLIN) | 50407 |
| Término indicativo de función/relación | corrector |
| 700 10 - PUNTO DE ACCESO ADICIONAL--NOMBRE DE PERSONA | |
| Nombre de persona | Lora Leites, Tomas |
| 9 (RLIN) | 142524 |
| Término indicativo de función/relación | corrector |
| 700 10 - PUNTO DE ACCESO ADICIONAL--NOMBRE DE PERSONA | |
| Nombre de persona | Tejada, Roberto |
| 9 (RLIN) | 53408 |
| Término indicativo de función/relación | diseñador |
| -- | diagramador |
| 700 10 - PUNTO DE ACCESO ADICIONAL--NOMBRE DE PERSONA | |
| Nombre de persona | Guzmán, Pedro |
| 9 (RLIN) | 156016 |
| Término indicativo de función/relación | fotógrafo |
| 700 10 - PUNTO DE ACCESO ADICIONAL--NOMBRE DE PERSONA | |
| Nombre de persona | Castillo Pichardo, José del |
| 9 (RLIN) | 197519 |
| Término indicativo de función/relación | preliminar |
| 700 10 - PUNTO DE ACCESO ADICIONAL--NOMBRE DE PERSONA | |
| Nombre de persona | Chez Checo, José |
| Forma completa/desarrollada del nombre | (Chez Checo, José Felipe), |
| Fechas asociadas al nombre | 1949- |
| 9 (RLIN) | 193932 |
| Término indicativo de función/relación | epílogo |
| 942 ## - ELEMENTOS DE PUNTO DE ACCESO ADICIONAL (KOHA) | |
| Fuente del sistema de clasificación o colocación | Sistema de Clasificación Decimal Dewey |
| Tipo de ítem Koha | Libro (general) |
| Estado de retiro | Estado de pérdida | Fuente del sistema de clasificación o colocación | No para préstamo | Código de colección | Localización permanente | Fecha de adquisición | Total de préstamos | Signatura topográfica completa | Código de barras | Fecha visto por última vez | Número de copia | Precio válido a partir de | Tipo de ítem Koha |
|---|---|---|---|---|---|---|---|---|---|---|---|---|---|
| Disponible | Sistema de Clasificación Decimal Dewey | General - Libros dominicanos | Biblioteca Central UNIBE | 12/11/2025 | RD 800 M533de 2009 | 260055 | 29/01/2026 | Ej. 1 | 29/01/2026 | Libro (general) |